The corporate social responsibility reader (Record no. 426536)

000 -LEADER
fixed length control field 00387cam a22001337a 4500
008 - FIXED-LENGTH DATA ELEMENTS--GENERAL INFORMATION
fixed length control field 180718b2008 xxu||||| |||| 00| 0 eng d
020 ## - INTERNATIONAL STANDARD BOOK NUMBER
International Standard Book Number 9780415424349
082 ## - DEWEY DECIMAL CLASSIFICATION NUMBER
Classification number T33 B893
245 ## - TITLE STATEMENT
Title The corporate social responsibility reader
Statement of responsibility, etc. edited by Jon Burchell
260 ## - PUBLICATION, DISTRIBUTION, ETC.
Place of publication, distribution, etc. Oxon
Name of publisher, distributor, etc. Routledge
Date of publication, distribution, etc. 2008
300 ## - PHYSICAL DESCRIPTION
Extent 301p.
650 ## - SUBJECT ADDED ENTRY--TOPICAL TERM
Topical term or geographic name entry element Social responsibility of business
700 ## - ADDED ENTRY--PERSONAL NAME
Personal name Burchell, Jon
Holdings
Withdrawn status Lost status Damaged status Not for loan Permanent Location Current Location Date acquired Total Checkouts Full call number Barcode Date last seen Date last checked out Price effective from Koha item type
        Indian Institute of Public Administration Indian Institute of Public Administration 2009-12-16 1 T33 B893 83513 2019-08-21 2019-08-02 2018-07-21 Book

Powered by Koha